Fakten über die Schweiz - Statistiken

Allgemein
  • Dieses Quiz wurde 107 mal gespielt
  • Das Durchschnittsergebnis liegt bei 8 aus 15
Antwortstatistiken
Fragen Antworten % Korrekt
Grösste Schweizer Stadt Zürich
98%
Ein Schweizer Nationalheld Willhelm Tell
91%
Eine Schweizer Spezialität Fondue/Raclette/Schokolade
89%
Welcher schweizerische Käse ist weltweit bekannt und hat Löcher Emmentaler
81%
Was produziert Victorinox Taschenmesser
76%
Welche Art von Verkehrsmittel ist ein Symbol für die Schweiz SBB
73%
Welches ist der höchste Berg der Schweiz Dufourspitze
52%
Schweizer Rekordnationalspieler (Fussball) Granit Xhaka
51%
Für was steht CH Confoederatio Helvetica
46%
Welche ist die älteste Universität der Schweiz (nur den Ort) Basel
45%
Welche Schweizer Stadt wird oft als "Stadt der Brunnen" bezeichnet Luzern
42%
Welcher Schweizer Ski Fahrer kennt man als Kugelblitz Beat Feuz
39%
In welchem Jahr wurde die Schweiz gegründet 1848
27%
Was ist das Wahrzeichen der Stadt Zürich Grossmünster
19%
Längstdienende Bundesrat (1864-1895) Karl Schenk
4%
Keine übereinstimmenden Quizze gefunden
Verteilung der Resultate
Anzahl Personen mit jedem Resultat
Perzentil nach korrekt beantworteten Fragen
Ihre Resultats-Entwicklung
Sie haben dieses Quiz noch nicht gespielt